02243cam a22003254a 4500999001700000001000900017003000400026005001700030008004100047010001700088020004000105020004300145035002300188035002000211040001800231042000800249050002100257082002200278100002900300245007900329260004700408300002100455504005400476505109400530650004401624856007801668906004501746942001201791952011401803 c10076d1007614377000OSt20210215154038.0060515s2006 nyu b 000 0 eng  a 2006016169 a1591024765 (hardcover : alk. paper) a9781591024767 (hardcover : alk. paper) a(OCoLC)ocm69241436 a(OCoLC)69241436 aDLCcDLCdDLC apcc00aBL2775.3b.P945R00a211/.4222bP945R1 aPrice, Robert M.,d1954-14aThe reason-driven life :bwhat am I here on earth for? /cRobert M. Price. aAmherst, N.Y. :bPrometheus Books,cc2006. a363 p. ;c24 cm. aIncludes bibliographical references (p. 357-363).0 aIt is about you -- You are a work of art -- One track mind? -- Sons of dust -- My view is God's view -- No changes are permanent, but change is -- The mystery of everything -- God : planned for our pleasure -- What makes me sick -- The achilles heel of worship -- Becoming imaginary friends with God -- Providence and superstition -- Worship that creates God -- I cant get no sanctification -- Joining the sect -- The greatest of these -- A place to conform -- Heretics anonymous -- Price's Ten commandments -- Healing religious divisions -- Damage control -- The character of Christ -- When is a religion not a religion? -- This paper idol -- Jesus with a jackhammer -- Satan's Sunday school -- Temp job -- Jerusalem wasnt built in a day -- Service industry -- Cut out the holy ghost noise! -- Cogs for Christ -- Being who you are -- How twisted texts scream -- Meetings with unremarkable men -- War is peace/freedom, is slavery/weakness is strength -- Made into missionaries -- Fabricating your life message -- The hidden agenda of witnessing -- Juggling your life -- Not without reason. 0aChristianityvControversial literature.413Table of contentsuhttp://www.loc.gov/catdir/toc/ecip0614/2006016169.html a7bcbccorignewd1eecipf20gy-gencatlg 2ddccBK 00102ddc40708NFICaHMCbHMCcGENd2021-02-17l0o211.4 P945Rp011622r2021-02-17 00:00:00w2021-02-17yBK